Neuro - Cranial Nerve Testing - Statistics

General Stats
  • This quiz has been taken 68 times
  • The average score is 4 of 24
Answer Stats
Function Cranial Nerve Nerve Name % Correct
Trigeminal
53%
Identify facial sensation by touch, clench jaws, move jaw laterally CN V Trigeminal
47%
Spinal accessory
47%
Shrug shoulders, turn head side to side CN XI Spinal accessory
31%
Move eyes down and in CN IV Trochlear
28%
Trochlear
28%
Optic
25%
Facial
22%
Oculomotor
22%
Abducens
19%
Smile, raise eyebrows, taste salt/sugar CN VII Facial
19%
Snellen chart, visual fields by confrontation CN II Optic
16%
Pupillary response CN III Oculomotor
16%
Move eyes side to side CN VI Abducens
16%
Olfactory
16%
Smell CN I Olfactory
13%
Swallow, gag reflex CN IX Glossopharyngeal
13%
Glossopharyngeal
9%
Stick out tongue CN X Vagus
3%
Hypoglossal
3%
Vestibulocochlear
3%
Tuning fork, whisper test CN VIII Vestibulocochlear
0%
Stick out tongue and move from cheek to cheek CN XII Hypoglossal
0%
Vagus
0%
No matching quizzes found
Score Distribution
Percent of People with Each Score
Percentile by Number Answered
Your Score History
You have not taken this quiz